Statystyki dla Stany Indii - Quiz na mapie

Kliknij tutaj aby rozwiązać quiz!

Ogólne statystyki

  • Ten quiz został rozwiązany 590 razy
  • Średni wynik to 11 z 36

Odpowiedzi na mapie

Odpowiedzi skodowane kolorowo w zielono-czerwonej skali na mapie do tego quizu, zgodnie z poniższymi procentami.
 

Statystyki odpowiedzi

Stan% Poprawnych
Delhi
72%
Bengal Zachodni
61%
Dżammu and Kaszmir
59%
Goa
56%
Pendżab
48%
Radżastan
44%
Kerala
42%
Gudźarat
41%
Tamilnadu
41%
Uttar Pradesh
40%
Maharasztra
36%
Asam
33%
Sikkim
33%
Bihar
32%
Orisa
31%
Andamany i Nikobary
30%
Andhra Pradesh
28%
Karnataka
27%
Himachal Pradesh
26%
Arunachal Pradesh
24%
Madhya Pradesh
24%
Manipur
23%
Nagaland
23%
Mizoram
21%
Haryana
20%
Meghalaya
20%
Telangana
20%
Jharkhand
19%
Lakszadiwy
19%
Puducherry
18%
Tripura
18%
Chhattisgarh
15%
Chandigarh
14%
Daman i Diu
14%
Uttarakhand
14%
Dadra i Nagarhaweli
9%

Rozkład punktacji

Percentyl według liczby udzielonych odpowiedzi

Procent ludzi z każdym wynikiem

Twoja historia wyników

Nie rozwiązałeś tego quizu